| Поле | Название | Значение |
| |
Тип записи |
a |
| |
Библиографический уровень |
m |
| 001 |
Контрольный номер |
cdf2f78f909d446d970e1f69ca84fd20 |
| 005 |
Дата корректировки |
20200116144249.5 |
| 010 |
Индекс ISBN |
__ |
| a |
ISBN |
978-5-91730-557-8 |
| 101 |
Язык документа |
0_ |
| a |
Язык текста |
rus |
| 102 |
Страна публикации |
__ |
| a |
Страна публикации |
RU |
| 200 |
Заглавие и сведения об ответственности |
1_ |
| a |
Заглавие |
Оптимизация потребительских свойств непродовольственных товаров на основе функционально-стоимостного анализа |
| b |
Общее обозначение материала |
Текст |
| e |
Сведения, относящиеся к заглавию |
моногр. |
| f |
Первые сведения об ответственности |
Н. В. Еремеева, Ф.А. Петрище, Р.С. Садофьев, М.А. Черная |
| 210 |
Выходные данные |
1_ |
| a |
Место издания |
Москва-Ярославль |
| c |
Издательство |
Канцлер |
| d |
Дата издания |
2016 |
| 215 |
Физическое описание |
__ |
| a |
Объем |
160 с. |
| 610 |
Ключевые слова |
0_ |
| a |
Ключевые слова |
оптимизация |
| a |
Ключевые слова |
потребительские свойства |
| a |
Ключевые слова |
непродовольственные товары |
| a |
Ключевые слова |
функционально-стоимостной анализ |
| a |
Ключевые слова |
монография |
| 686 |
Индексы других классификаций |
__ |
| a |
Классификационный индекс |
30.609 |
| 711 |
Наименование организации. (Альтернативная ответственность) |
02 |
| a |
Организация/ юрисдикция |
Центросоюз РФ |
| 711 |
Наименование организации. (Альтернативная ответственность) |
02 |
| a |
Организация/ юрисдикция |
РУК |
| 801 |
Источник записи |
_0 |
| a |
Страна |
RU |
| b |
Организация |
РУК |
| c |
Дата составления |
20200116 |
| g |
Правила каталогизации |
PSBO |
| 801 |
Источник записи |
_1 |
| a |
Страна |
RU |
| b |
Организация |
РУК |
| g |
Правила каталогизации |
PSBO |
| 852 |
Данные о местонахождении |
__ |
| i |
Авторский знак |
О-62 |
| j |
Шифр хранения |
30.609 |
| 901 |
Тип документа |
__ |
| t |
Тип документа |
m |
| 912 |
Принадлежность преподавателя к РУК |
__ |
| a |
Принадлежность преподавателя к РУК |
преподаватель Головного вуза |
| 937 |
Технологическая информация |
__ |
| a |
Создатель записи (имя) |
Мясникова |
| 938 |
Служебная информация |
__ |
| a |
Название организации |
Головной вуз |
| 952 |
Тип литературы |
__ |
| c |
Вид литературы |
монография |